000 00542nam a22001697a 4500
005 20231127065909.0
008 231127b |||||||| |||| 00| 0 eng d
022 _a09337806
041 _aEnglish
082 _a340.5 BEC
100 _aBecker, H and Hinz MO
_lEnglish
245 _aMarriage and Customary Law in Namibia /
_cH Becker and MO Hinz
260 _aWindhoek :
_bCentre for Applied Social Sciences,
_c1995
300 _b141 pages ;
_c30,3 cm.
650 _aLegal practice
_bLaw
942 _cBK
_6ALISON_BN_VRIES
999 _c960
_d960